|
|
|
|
| LEADER |
00000nam2a2200000 4500 |
| 001 |
229241 |
| 005 |
20250602142951.0 |
| 035 |
|
|
|a (RuTPU)RU\TPU\book\249827
|
| 090 |
|
|
|a 229241
|
| 100 |
|
|
|a 20130109d2012 m y0rusy50 ca
|
| 101 |
0 |
|
|a rus
|
| 102 |
|
|
|a RU
|
| 105 |
|
|
|a a j 000zy
|
| 200 |
0 |
|
|a Ч. 1: Механика. Молекулярная физика и термодинамика
|
| 210 |
|
|
|d 2012
|
| 215 |
|
|
|a 208 с.
|c ил.
|
| 330 |
|
|
|a В учебном пособии рассмотрено содержание фундаментальных законов механики, молекулярной физики и термодинамики. Даны разъяснения основных законов, явлений, понятий классической, релятивистской механики.
|
| 461 |
|
1 |
|0 229813
|9 229813
|t Физика
|o учебное пособие
|f Н. С. Кравченко, Е. В. Лисичко, С. И. Твердохлебов
|g Национальный исследовательский Томский политехнический университет (ТПУ), Институт дистанционного образования (ИДО)
|v Ч. 1: Механика. Молекулярная физика и термодинамика
|d 2012-
|
| 606 |
1 |
|
|a Физика
|2 stltpush
|3 (RuTPU)RU\TPU\subj\63709
|9 80688
|
| 610 |
1 |
|
|a механика
|
| 610 |
1 |
|
|a кинематика
|
| 610 |
1 |
|
|a поступательное движение
|
| 610 |
1 |
|
|a вращательное движение
|
| 610 |
1 |
|
|a твердые тела
|
| 610 |
1 |
|
|a динамика
|
| 610 |
1 |
|
|a материальная точка
|
| 610 |
1 |
|
|a работа
|
| 610 |
1 |
|
|a энергия
|
| 610 |
1 |
|
|a законы сохранения
|
| 610 |
1 |
|
|a специальная теория относительности
|
| 610 |
1 |
|
|a неинерциальные системы отсчета
|
| 610 |
1 |
|
|a молекулярная физика
|
| 610 |
1 |
|
|a термодинамика
|
| 610 |
1 |
|
|a статистическая физика
|
| 610 |
1 |
|
|a теплоемкость
|
| 610 |
1 |
|
|a циклические процессы
|
| 610 |
1 |
|
|a энтропия
|
| 610 |
1 |
|
|a термодинамическая вероятность
|
| 610 |
1 |
|
|a реальные газы
|
| 610 |
1 |
|
|a фазовые превращения
|
| 610 |
1 |
|
|a явления переноса
|
| 610 |
1 |
|
|a учебные пособия
|
| 610 |
1 |
|
|a труды учёных ТПУ
|
| 675 |
|
|
|a 53(075.8)
|v 3
|
| 700 |
|
1 |
|a Кравченко
|b Н. С.
|c физик
|c доцент Томского политехнического университета, кандидат физико-математических наук
|f 1940-
|g Надежда Степановна
|9 12606
|
| 701 |
|
1 |
|a Лисичко
|b Е. В.
|c физик
|c доцент Томского политехнического университета, кандидат педагогических наук
|f 1972-
|g Елена Владимировна
|9 13260
|
| 701 |
|
1 |
|a Твердохлебов
|b С. И.
|c физик
|c доцент Томского политехнического университета, кандидат физико-математических наук
|f 1961-
|g Сергей Иванович
|9 12889
|
| 712 |
0 |
2 |
|a Национальный исследовательский Томский политехнический университет
|c (2009- )
|9 26305
|
| 801 |
|
1 |
|a RU
|b 63413507
|c 20130109
|
| 801 |
|
2 |
|a RU
|b 63413507
|c 20201209
|g RCR
|
| 850 |
|
|
|a 63413507
|
| 942 |
|
|
|c BK
|